000 00851nam a2200241 a 4500
001 000000534
003 DO-SdBNP
005 20250428092642.0
007 ta
008 090122s2019 dr a 000 0 spa d
040 _aDO-SdBNP
_bspa
_cBNPHU
082 _axxx
_bP438m
100 1 _aPérez Viera, Odalys
_91777
245 1 0 _aManual :
_btécnicas participativas e historias reflexivas para motivar el proceso de enseñanza-aprendizaje /
_cOdalys Pérez Viera, Maria Filomena Bello Hernández, Maria del Rosario García Vargas
260 _aSanto Domingo :
_bCopy Marca
_c2019.
300 _a188 p. ;
_c21 cm.
590 _aInventario, 2022 / DG
650 0 _aConflictos laborales
_91781
700 1 2 _aBello Hernández, Maria Filomena
_eautora
_91782
700 1 2 _aGarcía Vargas, Maria Rosario
_eautora
_982509
910 _aDG
942 _2ddc
_cLBS1
999 _c52539
_d52539